000 00723nam a2200217Ii 4500
003 JO-AjNU
008 230605s9999||||xx |||||||||||||| ||und||
017 _a2014/2/1064
040 _aJO-AjNU
_bara
_erda
_cJO-AjNU
041 _aara
050 1 4 _aKMM126.M3424.2014
100 3 _a ملكاوي ، بشار عدنان ,
_eauthor
_948026
245 0 0 _aدراسات فقهية في قانون العمل
250 _aط1
264 3 1 _aعمان : بشار عدنان الملكاوي ، 2014
300 _a227ص
336 _atext
_btxt
_2rdacontent
337 _aunmediated
_bn
_2rdamedia
338 _avolume
_bnc
_2rdacarrier
650 4 _aالفقة الاسلامي -- قانون العمل -- الأردن
_948027
999 _aA21005
_c24573
_d24573